Statistics for Los Angeles Freeways & Highways

Click here to take the quiz!

General Stats

  • This quiz has been taken 213 times
    (164 since last reset)
  • The average score is 23 of 37

Answer Stats

Route Name Route # % Correct
Golden State/Santa Ana5
100%
PCH1
100%
Santa Monica/San Bernardino10
100%
Glendale/Angeles Crest2
98%
San Diego405
92%
Harbor/Pasadena110
91%
Hollywood/Ventura101
89%
Moreno Valley60
87%
Chino Valley71
85%
Artesia/Riverside91
81%
Foothill210
81%
Ontario15
79%
Long Beach710
77%
Glenn Anderson105
77%
Costa Mesa55
72%
San Gabriel River605
69%
Orange57
69%
Garden Grove22
67%
Marina/Imperial90
61%
Antelope Valley14
59%
Ronald Reagan118
54%
San Joaquin Hills73
49%
Escondido215
47%
Beach/Azusa39
47%
Lakewood/Rosemead19
44%
Rim of the World18
42%
Whittier72
41%
Ortega74
38%
Topanga Canyon27
36%
Laguna133
34%
Euclid83
33%
Hawthorne107
22%
Carbon Canyon142
15%
Venice187
15%
Western213
15%

Score Distribution

Percentile by Number Answered

Percent of People with Each Score

Your Score History

You have not taken this quiz since the last reset